| 000 -LEADER |
| fixed length control field |
aam a22 a 4500 |
| 003 - CONTROL NUMBER IDENTIFIER |
| control field |
AKMAL |
| 005 - DATE AND TIME OF LATEST TRANSACTION |
| control field |
20170529151317.0 |
| 008 - FIXED-LENGTH DATA ELEMENTS--GENERAL INFORMATION |
| fixed length control field |
303783s2004 my e l 000 0 may d |
| 020 ## - INTERNATIONAL STANDARD BOOK NUMBER |
| International Standard Book Number |
967891459X |
| Qualifying information |
paperback |
| Terms of availability |
RM29.50 |
| 082 04 - DEWEY DECIMAL CLASSIFICATION NUMBER |
| Classification number |
342.595068 PER |
| Edition number |
23 |
| 090 00 - LOCALLY ASSIGNED LC-TYPE CALL NUMBER (OCLC); LOCAL CALL NUMBER (RLIN) |
| Classification number (OCLC) (R) ; Classification number, CALL (RLIN) (NR) |
342.595068 |
| Local cutter number (OCLC) ; Book number/undivided call number, CALL (RLIN) |
PER |
| 110 1# - MAIN ENTRY--CORPORATE NAME |
| Corporate name or jurisdiction name as entry element |
Malaysia, |
| Relator term |
jurisdiction governed. |
| 9 (RLIN) |
400 |
| 245 10 - TITLE STATEMENT |
| Title |
PERINTAH-PERINTAH AM DAN ARAHAN PENTADBIRAN : |
| Remainder of title |
(HINGGA 10HB FEBRUARI 2004) / |
| Statement of responsibility, etc. |
Disusun oleh: Lembaga Penyelidikan Undang-Undang |
| 264 #1 - PRODUCTION, PUBLICATION, DISTRIBUTION, MANUFACTURE, AND COPYRIGHT NOTICE |
| Place of production, publication, distribution, manufacture |
Petaling Jaya, Selangor : |
| Name of producer, publisher, distributor, manufacturer |
International Law Book Services, |
| Date of production, publication, distribution, manufacture, or copyright notice |
2004 |
| 300 ## - PHYSICAL DESCRIPTION |
| Extent |
758 pages ; |
| Dimensions |
24 cm. |
| 490 1# - SERIES STATEMENT |
| Series statement |
UNDANG-UNDANG MALAYSIA |
| 505 00 - FORMATTED CONTENTS NOTE |
| Formatted contents note |
Content: |
| Title |
Perintah-perintah Am -- |
| -- |
Peraturan-peraturan Lembaga Tatatertib Perkhidmatan Awam 1993 -- |
| -- |
Arahan Perbendaharaan -- |
| -- |
Akta Prosedur Kewangan 1957 -- |
| -- |
Arahan perkhidmatan -- |
| -- |
Tatacara Pengurusan Stor -- |
| -- |
Sukatan Peperiksaan Undang-undang Kerajaan |
| 650 10 - SUBJECT ADDED ENTRY--TOPICAL TERM |
| Topical term or geographic name entry element |
Civil service ethics |
| Geographic subdivision |
Malaysia |
| 9 (RLIN) |
416 |
| 650 20 - SUBJECT ADDED ENTRY--TOPICAL TERM |
| Topical term or geographic name entry element |
Administrative agencies |
| Geographic subdivision |
Malaysia |
| 9 (RLIN) |
548 |
| 650 20 - SUBJECT ADDED ENTRY--TOPICAL TERM |
| Topical term or geographic name entry element |
Administrative procedure |
| Geographic subdivision |
Malaysia |
| 9 (RLIN) |
425 |
| 651 #0 - SUBJECT ADDED ENTRY--GEOGRAPHIC NAME |
| Geographic name |
Malaysia |
| General subdivision |
Officials and employees |
| 9 (RLIN) |
426 |
| 710 2# - ADDED ENTRY--CORPORATE NAME |
| Corporate name or jurisdiction name as entry element |
Lembaga Penyelidikan Undang-Undang, |
| Relator term |
editor. |
| 9 (RLIN) |
8551 |
| 830 #0 - SERIES ADDED ENTRY--UNIFORM TITLE |
| Uniform title |
Undang-undang Malaysia |
| 9 (RLIN) |
8552 |
| 942 ## - ADDED ENTRY ELEMENTS (KOHA) |
| Source of classification or shelving scheme |
|
| Koha item type |
Book |